Capitales européennes par ordre alphabétique - Statistiques

Statistiques générales
  • Ce quiz a été pris 38 fois
    16 depuis la dernière actualisation
  • Le résultat moyen est 39 sur 45
Réponses sur la Carte
Les réponses sont colorées sur une échelle allant du rouge au vert en fonction du pourcentage des utilisateurs qui les ont devinées à leur premier essai. Vous pouvez retrouver ces pourcentages ci-dessous.
 
Statistiques - réponses
Réponse % Correct
Amsterdam
100%
Andorre-la-Vieille
100%
Athènes
100%
Berlin
91%
Berne
91%
Bruxelles
91%
Bucarest
91%
Budapest
91%
Copenhague
91%
Dublin
91%
Helsinki
91%
Kiev
91%
La Valette
91%
Lisbonne
91%
Londres
91%
Luxembourg
91%
Madrid
91%
Minsk
91%
Monaco
91%
Moscou
91%
Oslo
91%
Paris
91%
Prague
91%
Reykjavik
91%
Saint-Marin
91%
Sofia
91%
Stockholm
91%
Tirana
91%
Varsovie
91%
Vatican
91%
Vienne
91%
Vilnius
91%
Zagreb
91%
Bratislava
82%
Chisinau
82%
Ljubljana
82%
Pristina
82%
Sarajevo
82%
Tallinn
82%
Belgrade
73%
Podgorica
73%
Riga
73%
Rome
73%
Vaduz
73%
Skopje
55%
Aucun quiz correspondant
Distribution des résultats
% des personnes avec chaque résultat
Percentile par nombre de réponses
Votre historique - résultats
Vous n’avez pas pris ce quiz depuis la dernière actualisation